Responses for Show #5134 - Thursday, December 28, 2006

Contestants

[<< previous game]

Jared Thompson, an actuarial analyst originally from Eureka, Illinois

Carol Pal, a graduate student from San Francisco, California

Lisa McClain, a history professor and director of gender studies from Boise, Idaho (whose 1-day cash winnings total $20,500)

[next game >>]

Jeopardy! Round responses

19th CENTURY FACES
ACTUAL MLB BROADCAST QUOTES
NUMERAL-OLOGY
BIBLICAL RHYME TIME
WORLD CURRENCY
WORD ORIGINS
    $200 26
Mark Twain (Samuel Clemens)

Lisa
    $200 12
wedding

Carol
    $200 7
four

Jared
    $200 21
Job's robes

Carol
    $200 1
lira

Jared
    $200 5
mannequin

Jared
    $400 27
(Jared: Who is [*]?)
(Alex: Say it again?)
(Jared: [*]?)
(Alex: Yes.)
(Jared: $600)
(Alex: I thought you said "darlin'".)

Charles Darwin

Jared
    $400 16
Missouri

Jared
    $400 8
two

Carol
    $400 22
Eve's peeves

Lisa
    $400 2
Latvia

Jared
    $2,000 13
alphabet

Carol
    $600 28
Thomas Edison

Lisa
    $600 17
bullpen

Jared
    $600 9
30

Jared
    $600 23
Ruth's booths

Lisa
    $600 3
Brazil

Lisa
    $600 14
(Jared: What are bagpipes?)

hurdy-gurdy

Jared
Triple Stumper
    $800 29
Andrew Carnegie

Jared
    $800 18
All-Star voting

Jared
    $800 10
seven

Jared
    $800 24
Shem's gems

Carol
    $800 4
Africa

Carol
    $800 15
pagoda

Jared
    $1000 30
W.S. Gilbert & Arthur Sullivan

Jared
    $1000 19
Pete Rose

Jared
    $1000 11
(Jared: What is seven?)

(Roman numeral) five

CarolJared
    $1000 25
Luke's flukes

Triple Stumper
    $1000 6
kwanzaa

Triple Stumper
    $1000 20
marzipan

Lisa

Scores at the first commercial break (after clue 15):

Lisa Carol Jared
$600 $4,400 $1,600

Scores at the end of the Jeopardy! Round:

Lisa Carol Jared
$3,400 $5,400 $6,600

Double Jeopardy! Round responses

FARGO
MILLER'S CROSSING
THE LADYKILLERS
BLOOD SIMPLE
THE MAN WHO WASN'T THERE
THE COEN BROTHERS
    $400 19
(Jared: What is the Pony Express?)

Wells Fargo

CarolJared
    $400 30
Arthur Miller

Carol
    $400 11
Charles Dickens

Carol
    $400 1
blood poisoning

Carol
    $400 14
kind

Triple Stumper
    $400 6
O Brother, Where Art Thou?

Jared
    $3,600 20
(Carol: What is North Dakota?)

Minnesota

Carol
    $800 29
Roger Miller

Jared
    $5,000 12
(Carol: Who is Melville?)

Peter Benchley

Carol
    $800 2
plasma

Jared
    $800 15
front

Carol
    $800 7
Frances McDormand

Jared
    $1200 23
bison

Jared
    $1200 28
Henry Miller

Lisa
    $1200 13
John Steinbeck

Triple Stumper
    $1200 3
hemophilia

Triple Stumper
    $1200 16
upper-class

Carol
    $1200 8
Raising Arizona

Jared
    $1600 24
Roger Maris

Jared
    $1600 26
Zell Miller

Triple Stumper
    $1600 21
Theodore Dreiser

Jared
    $1600 4
liver

Jared
    $1600 17
watch

Lisa
    $1600 9
(Jared: What is Kingpin?)

The Big Lebowski

Jared
Triple Stumper
    $2000 25
Northern Pacific

Lisa
    $2000 27
Frank Miller

Jared
    $2000 22
Dominick Dunne

Triple Stumper
    $2000 5
AB

Jared
    $2000 18
gourd

Lisa
    $2000 10
Sam Raimi

Jared

Scores at the end of the Double Jeopardy! Round:

Lisa Carol Jared
$10,200 $400 $20,600
(lock game)

[wagering suggestions for these scores]

Final Jeopardy! Round responses

THE 1970s
CarolWho were the plumbers?
$400
LisaWho are the Whitehouse plumbers?
$9,000
JaredWho are stoppers?
$100
(White House) plumbers

Final scores:

Lisa Carol Jared
$19,200 $800 $20,500
2nd place: $2,000 3rd place: $1,000 New champion: $20,500

Game dynamics:

Coryat scores:

Lisa Carol Jared
$10,200 $7,400 $20,600
10 R,
0 W
13 R
(including 1 DD),
2 W
(including 2 DDs)
26 R,
4 W

Combined Coryat: $38,200

[game clues] [game scores] [suggest correction]

Game tape date: 2006-10-25
The J! Archive is created by fans, for fans. Scraping, republication, monetization, and malicious use prohibited; this site may use cookies and collect identifying information. See terms. The Jeopardy! game show and all elements thereof, including but not limited to copyright and trademark thereto, are the property of Jeopardy Productions, Inc. and are protected under law. This website is not affiliated with, sponsored by, or operated by Jeopardy Productions, Inc. Join the discussion at JBoard.tv.